000 00390nam a2200157 4500
999 _c56843
_d56843
005 20210420133952.0
008 190510s2019 en ||||| |||| 00| 0 eng d
041 _ageo
245 _aThe Economist /
_b2019.
260 _aLondon,
_c2019.
300 _aV.
653 _aეკონომიკა
653 _aThe Economist
653 _aპერიოდიკა
942 _2udc
_cCR